000 00545nam a2200133Ia 4500
008 220615s9999||||xx |||||||||||||| ||und||
100 _aStiegler, Bernard
245 0 _aNanjing Lectures (2016-2019)
546 _aEnglish[eng]
650 _aAnthropocene||Metaphysics||Epistemology||Capitalism||Philosophy
700 _aRoss, Daniel
856 _uhttps://library.oapen.org/bitstream/20.500.12657/22445/1/Stiegler_2020_Nanjing-Lectures.pdf||https://library.oapen.org/bitstream/20.500.12657/22445/1/Stiegler_2020_Nanjing-Lectures.pdf
942 _cEB
999 _c19143
_d19143